Indian Cities by Old Names - Statistics

General Stats
  • This quiz has been taken 70 times
    61 since last reset
  • The average score is 21 of 50
Answer Stats
Old Name(s) New Name % Correct
Madras Chennai
98%
Bombay Mumbai
98%
Calcutta Kolkata
89%
Bangalore Bengaluru
87%
Nagpoor Nagpur
87%
Poona Pune
82%
Umritsur Amritsar
78%
Pondicherry Puducherry
76%
Benares Varanasi
76%
Cochin Kochi
75%
Mangalore Mangaluru
75%
Cawnpore Kanpur
64%
Lakhnau Lucknow
64%
Baroda Vadodara
64%
Gauhati Guwahati
60%
Trivandrum Thiruvananthapuram
58%
Azimabad/Kusumpur/Pataliputra Patna
56%
Allahabad Prayagraj
56%
Jubbulpoor Jabalpur
53%
Mysore Mysuru
53%
Calicut Kozhikode
51%
Cannanore Kannur
45%
Goruckpoor Gorakhpur
44%
Shahjahanabad Delhi
42%
Trichy Tiruchirappalli
42%
Umravti Amravati
40%
Gurgaon Gurugram
40%
Tanjore Thanjavur
40%
Aleppey Alappuzha
35%
Bezawada Vijayawada
31%
Trichur Thrissur
25%
Tuticorin Thoothukudi
24%
Baghnagar Hyderabad
22%
Quilon Kollam
20%
Ootacamund Udhagamandalam
20%
Waltair Vishakhapatnam
20%
Kol/Allyghur Aligarh
18%
Udumbravati Amaravati
18%
Hubli Hubbali
18%
Bellary Ballari
16%
Palghat Palakkad
16%
Conjeevaram Kanchipuram
15%
Tumkur Tumakuru
13%
Bijapur Vijayapura
13%
Monghyr Munger
11%
Saket Ayodhya
5%
Gopadri Gwalior
4%
Bulsar Valsad
2%
Medininagar Daltonganj
0%
Craganore Kodungallur
0%
No matching quizzes found
Score Distribution
Percent of People with Each Score
Percentile by Number Answered
Your Score History
You have not taken this quiz since the last reset